000 01279nam a22003377a 4500
003 CHAP
005 20220329140410.0
008 971013s1985 r 00010 d
010 _a51435
011 _a52407
035 _a56557
040 _cCHAP
090 _aTesis
100 0 0 _aFernández Hernández, Pablo.
_940211
245 _aEstudio de la economía y eficiencia en el uso del agua en dos variedades de frijol (Phaseolus vulgaris L.) bajo condiciones de laboratorio, invernadero y campo
260 _a(Monterrey, N. L. :
_bEl autor,
_c1985
300 _a94 h.
_b: gráfs.
502 _aTesis (M.C. Esp. en Fitomejoramiento y Fisiotécnia) -- ITESM. División de Ciencias Agropecuarias y Marítimas. Programa de Graduados
590 _aALEPH
_b10
_c20130110
_lUCH01
_h1327
590 _aBATCH-UPD
_b10
_c20130110
_lUCH01
_h0248
590 _aBATCH-UPD
_b10
_c20130110
_lUCH01
_h1429
590 _aBATCH-UPD
_b10
_c20130410
_lUCH01
_h1315
590 _aBATCH-UPD
_b10
_c20130914
_lUCH01
_h1128
590 _aCONVERSION
_b10
_c20130109
_lUCH01
_h1328
650 1 4 _aCultivos en invernadero.
_930376
650 1 4 _aFrijol
_xAgua requerida.
_943320
650 1 4 _aFrijol
_xVariedades.
_943446
901 _aBK
942 _cTESIS
949 _bBC
_cTES
_d-123522
_eTS1
_h17768
_i56557
_si
999 _c51435
_d51435